000
00264nam a2200097Ia 4500
001
991577
005
20250826221332.0
008
250824s9999 xx 000 0 und d
245
0
_a
AKILLANDIM ARTIK ŞİMDİ DAHA DELİYİM
_c
NİLGÜN BODUR
260
_b
DESTEK YAYINLARI
999
_c
991577
_d
991577